000 00522nam a22001937a 4500
003 koha_MIRAKIL
005 20231213100217.0
008 231213b |||||||| |||| 00| 0 ||| d
020 _b978-6-05-512257-7
040 _aTR-IsEVY
_btur
_cTR-IsEVY
082 _a956.1015 ÜNS/Ç
100 _aÜnsal, İbrahim.
245 0 _aÇöl sancısı
_bYemen cephesi
260 _bHayat Yayıncılık,
_c2015
300 _a213 s.
650 _aHistorical fiction, Turkish.
650 _aTarihi roman, Türk.
942 _2ddc
_cBK
999 _c16314
_d16314